000 01011nam a2200301 a 4500
001 1133469
003 OSt
005 20190622080056.0
008 940622m19939999alu 000 0 eng
010 _a 94174695
020 _a0924748060 (v. 1)
040 _aDLC
_cDLC
050 0 0 _aBV 652.1
_b.J66 1996
082 0 0 _aTR 254.2
_bJ63 1996
100 1 _aRichards, James B.
_q(James Burton),
_d1951-
245 1 0 _aLeadership that builds /
_cGlenn Johnson
260 _aManila, Philippines :
_bOMF Literature,
_cc1996.
300 _a242 p. ;
_c28 cm.
520 _a1. Leadership--Religious aspects--Christianity. 2. Christian leadership. 3. Lay Ministry.
562 _eFor circulation. 1 copy in the collection
650 0 _aLeadership
_xReligious aspects
_xChristianity.
650 0 _aChristian leadership.
650 0 _aLay ministry.
906 _a7
_bcbc
_corignew
_d2
_encip
_f19
_gy-gencatlg
942 _2lcc
_cBK
999 _c585
_d585